000
00288nam a22001217a 4500
008
180227b xxu||||| |||| 00| 0 eng d
041
_a
eng
080
_a
159.9
100
_a
48
101
_a
PSI
245
_a
Group processes an introduction to group dynamics
_c
Luft,J
942
_2
udc
_c
BK
999
_c
43627
_d
43627